Viña del Mar y su patrimonio
Salvato in:
| Autore principale: | |
|---|---|
| Natura: | Libro |
| Lingua: | spagnolo inglese |
| Pubblicazione: |
Cultura Puzzle
2010
|
| Soggetti: | |
| Tags: |
Aggiungi Tag
Nessun Tag, puoi essere il primo ad aggiungerne!!
|
MARC
| LEADER | 00000cam a2200000 a 4500 | ||
|---|---|---|---|
| 001 | UCF3260 | ||
| 003 | CL-VaPUC | ||
| 008 | 121004e20100000CL |||||||||||||||||spa|d | ||
| 041 | 0 | 7 | |a spa |2 CL-VaPUC |
| 041 | 0 | 7 | |a eng |2 CL-VaPUC |
| 082 | 0 | 4 | |a 983 |b MAD |2 21 |
| 100 | |a Madariaga Caro, Montserrat Elina |e autora |9 845572 | ||
| 245 | 1 | 0 | |a Viña del Mar y su patrimonio |
| 300 | |a 205 p | ||
| 942 | |c BK | ||
| 945 | |d 20121004 00:00:00 |a dcastane | ||
| 260 | |b Cultura Puzzle |c 2010 | ||
| 650 | 0 | |a Historia de Chile |9 265473 | |
| 650 | 0 | |a Ciudades |9 265474 | |
| 650 | 0 | |a Patrimonio cultural |9 309364 | |
| 651 | 0 | |a Viña del Mar |9 327030 | |
| 583 | |a last modification |c 20121004 18:42:00 |k Rodrigo Vera | ||
| 999 | |c 349722 |d 349720 | ||
| 952 | |0 0 |1 0 |4 0 |6 983_000000000000000_MAD_2010 |7 0 |8 A |9 452479 |a BIBEDU |b BIBEDU |d 2019-11-22 |i 491144K |l 1 |o 983 MAD 2010 |p 491144K |r 2024-11-26 |s 2024-11-19 |w 2019-11-22 |y BK |k CUE | ||
| 952 | |0 0 |1 0 |4 0 |6 983_000000000000000_MAD_2010 |7 0 |8 A |9 452480 |a BIBING |b BIBING |d 2019-11-22 |i 4911636 |o 983 MAD 2010 |p 4911636 |r 2023-03-02 |w 2019-11-22 |y BK |k CUI | ||
| 952 | |0 0 |1 0 |4 0 |6 983_000000000000000_MAD_2010 |7 0 |8 C |9 452481 |a BIBCUR |b BIBCUR |d 2019-11-22 |i 4911865 |l 3 |o 983 MAD 2010 |p 4911865 |r 2025-04-22 |s 2024-09-09 |w 2019-11-22 |y BK |k CAC | ||
| 952 | |0 0 |1 0 |4 0 |6 983_000000000000000_MAD_2010 |7 0 |8 X |9 452482 |a FDOBUD |b FDOBUD |d 2019-11-22 |i 4919734 |o 983 MAD 2010 |p 4919734 |r 2019-11-22 |w 2019-11-22 |y BK_X |k BUD | ||